History Quiz

Random History or Europe Quiz

Ottoman Wars in Europe Countries Quiz Stats

 Plays Quiz not verified by Sporcle

Score 0/29 Timer 10:00
0 Plays Today
Allegiance Nation % Correct
Holy League and AlliesAustria
91.8%
Holy League and AlliesRussia
90.8%
Holy League and AlliesFrance
89.9%
Ottomans and AlliesFrance
89.9%
Holy League and AlliesHungary
88.9%
Holy League and AlliesCastile
87%
Holy League and AlliesAragon
87%
Holy League and AlliesNavarre
86%
Holy League and AlliesSpain
84.1%
Holy League and AlliesPoland-Lithuania
81.2%
Holy League and AlliesPortugal
78.3%
Ottomans and AlliesOttoman Empire
72.9%
Holy League and AlliesSerbian Despotate
72.5%
Holy League and AlliesBulgarian Empire
67.6%
Holy League and AlliesVenice
65.7%
Allegiance Nation % Correct
Holy League and AlliesPapal States
58.5%
Holy League and AlliesCroatia
57.5%
Holy League and AlliesMoldavia
55.6%
Holy League and AlliesGenoa
54.1%
Holy League and AlliesLeague of Lezhë
52.7%
Holy League and AlliesBosnia
48.8%
Holy League and AlliesOrder of St John
46.9%
Holy League and AlliesWallachia
44%
Holy League and AlliesBohemia
42%
Ottomans and AlliesCrimean Khanate
36.9%
Holy League and AlliesByzantine Empire
33.8%
Holy League and AlliesTransylvania
28.5%
Holy League and AlliesScotland
22.2%
Holy League and AlliesTeutonic Order
14.5%

You're not logged in!

Compare scores with friends on all Sporcle quizzes.
OR
Log In

Sporcle TV

Today on Sporcle TV


Watch our educational content, quiz creation guides, and fun videos on Sporcle TV.

Show Comments

Extras

Top Quizzes Today


Score Distribution

Your Account Isn't Verified!

In order to create a playlist on Sporcle, you need to verify the email address you used during registration. Go to your Sporcle Settings to finish the process.

Report this User

Report this user for behavior that violates our Community Guidelines.

Details: